04262nam a2200349 a 4500003000900000005001700009007000300026008004100029020002100070020002200091040002500113082001400138245013400152260008200286300002800368490008500396500003400481505002000515505001500535505288700550590002703437650005703464650005903521651005803580700003003638700004203668700003203710910001103742942001403753952012803767999001703895DO-SdBNP20221129095726.0ta221128e2006 dr |||fr|||| 00| e spa d a9945412132 (v.6) a9945412140 (o.c.) aDO-SdBNPbspacBNPHU 4222bT776s10aTratados sobre derecho internacional. /cEditor, Aida Montero; Prólogo Rosa Campillo Celado; Presentación, Frederic Eman-Zade aSanto Domingo :bFundación Global Democracia y Desarrollo (FUNGLODE),c2006 a478 [xvii] p. :c25 cm. aTratados y Acuerdos Internacionales de la República Dominicana 1844- 1998 ;v6 aIncluye índice analítico. aPresentación. aPrólogo. aIntroducción.tComunicado del General Libertador Pedro Santana sobre anexión a España.--tConvenio para el arrendamiento de la Bahía de Samaná.--tConvención entre la República Dominicana y el Salvador.--tConvenio de arbitraje entre República Dominicana y España.--tTratado de arbitraje entre República Dominicana y Argentina, Bolivia, Perú, Guatemala, El Salvador.--tTratado Convenio de Río para la creación de una Junta Internacional de Jurisconsultos.--tConvención sobre el ejercicio de Profesiones Liberales adoptadas en la Segunda Conferencia Interamericana.--tConvención sobre el Ejercicio de Profesiones Liberales.--tConvención sobre Reclamaciones Pecuniarias Celebrada en Buenos Aires el 11 de agosto de 1910.--tConvención sobre reclamaciones pecuniarias.--tConvenio de Arbitraje entre la República Dominicana y los Estados Unidos de Brasil.--tProtocolo relativo a la no Intervención, Conferencia Interamericana de Consolidación de la Paz, Buenos Aires, Argentina de 1936.--tTratado Interamericano sobre Buenos Oficios y Medición, Conferencia Interamericana para la Consolidación de la Paz.--tModus Operandi con la República de Haití.--tConvenio sobre la Nacionalidad de la Mujer Casada.--tProtocolo a la Convención sobre Deberes y Derechos de los Estados en Caso Luchas Civiles.--tConvención sobre el Mar Territorial y la Zona Contigua.--tConvención Sobre el Consentimiento para El Matrimonio, La Edad Mínima para Contraer matrimonio y el Registro de los Matrimonios.--tConvenio de Doble Nacionalidad entre República Dominicana y España.--tTratado Sobre los Principios que deben regir las Actividades de los Estados en la Exploración y utilización del Espacio Ultrarerrestre, incluso la Luna y otros Cuerpos Celeste.-- tConvenio Sobre Responsabilidad Internacional por Daños Causados por Objetos Especiales.--tConvenio Interamericano sobre Conflicto de Leyes en materia de Cheques.--tConvención Interamericano sobre Conflicto de Leyes en materia de Letras de Cambio, Pagarés y Facturas.--tConvención sobre La Prescripción en Materia de Compraventa Internacional de Mercadería.--tConvenio Internacional sobre Régimen Legal de Poderes para ser Utilizada en Extranjero.--tAcuerdo Sobre Delimitación de Áreas Marinas y Submarinas y Cooperación Marítima entre República Dominicana y Colombia.--tConvenio Suscrito entre la República Dominicana y Haití para la Construcción del Dique Derivador Internacional sobre el Río Pedernales.--tTratado sobre Delimitación de Áreas Marinas y Submarinas entre República Dominicana y la República de Venezuela.--tProtocolo al tratado relativo a la Neutralidad Permanente y Funcionamiento del Canal de Panamá.--tConvención Interamericana sobre Recepción de Pruebas en el Extranjero.--tÍndice Analítico. aInventariado 2022 / MF 498603aDerecho Internacional zRepública Dominicana 4914579aFilosofía del DerechozRepública Dominicana 4910214aRepública DominicanaxTratados Internacional1 910217aMontero, Aidaeed.1 910218aCampillo Celado, Rosaepról.1 aEman-Zade, Frederic 982896 aMFeliz 2ddccLBS1 00102ddc51708PDaBNPHUbBNPHUcCTd2022-05-19eDonado por Ubis Rivasl0oT776sp2022-5783r2022-11-28w2022-11-28yLBS1 c53014d53014